000 00580nam a2200205 i 4500
001 32605
003 ES-MaACL
005 20250930063041.0
007 t|
008 030131s1972 sp ||||1| spa d
100 1 _aBerlanga, Andrés,
_d1941-2018
_928051
245 1 0 _aPolvora mojada /
_cAndrés Berlanga.
250 _a[1ª ed.].
260 _a[Barcelona] :
_bDestino,
_c[1972]
300 _a187 p. ;
_c19 cm.
490 1 _aAncora y delfín ;
_v387
830 0 0 _aÁncora y Delfín
_v387
_9151298
852 _aES-MaACL
_jC-51363
_bR.84054
999 _c32605
_d32605